000 00884cam a2200241 a 4500
001 000001874
005 20251020130153.0
008 971105s1998 sp b 001 0 spa
020 _a8489660220
040 _aDO-SdBNP
_cDLC
_dDLC
082 _a005.43
_bS782s, 1998
100 1 _aStallings, William.
_96121
245 1 0 _aSistemas operativos /
_cWilliam Stallings ; traducción, Juan Manuel Dodero Beardo, Enrique Torres Franco, Miguel Katrib Mora ; revisión Luis Joyanes Aguilar.
250 _a2a ed.
260 _aMadrid :
_bPrentice Hall,
_c1998.
300 _axx, 707 p. ;
_c25 cm.
650 0 _aSistemas operativos (Computadoras)
_9101
700 1 _aDodero Beardo, Juan Manuel
_etr.
_96122
700 1 _aTorres Franco, Enrique
_etr.
_96123
700 1 _aKatrib Mora, Miguel.
_etr.
_96124
700 1 _aJoyanes Aguilar, Luis.
_erev.
_96125
910 _aCatalogación por copia / LC
999 _c1751
_d1751